Musical Fill-in-the-Blank Quiz Stats

Quiz Updated Sep 25, 2015

Challenge
Share
Tweet
Embed
Score 0/60 Timer 05:00
14 Plays Today
Musical Missing Word % Correct
West Side ___Story
93%
The ___ of the OperaPhantom
91.4%
My ___ LadyFair
90%
The ___ of MusicSound
88%
___ and DollsGuys
87.1%
___ on the RoofFiddler
85.8%
The ___ and IKing
85.1%
Joseph and the Amazing ___ DreamcoatTechnicolor
80.7%
Bye Bye ___Birdie
79.2%
___ ToddSweeney
75.6%
___ PacificSouth
74.6%
The 25th Annual Putnam County ___ BeeSpelling
74%
___ DollyHello
73.9%
Jersey ___Boys
72.6%
___ are RingingBells
70.7%
Kiss me, ___Kate
68%
___ YankeesDamn
67.9%
___ SaigonMiss
67.5%
Funny ___Girl
67%
___ QAvenue
63.5%
A Little ___ MusicNight
62.9%
Thoroughly ___ MillieModern
62.5%
___ of the PackLeader
62.4%
The Secret ___Garden
61.4%
___ of AgesRock
60.3%
Man of La ___Mancha
60.3%
How to Succeed in ___ without Really TryingBusiness
59.9%
They're ___ Our SongPlaying
59.2%
A ___ LineChorus
59.2%
___ of AngelsCity
58.6%
Musical Missing Word % Correct
___ IdiotAmerican
56.3%
Sunday in the ___ with GeorgePark
54.9%
The Best Little ___ in TexasWhorehouse
53.1%
___ CharitySweet
51.1%
___ AwakeningSpring
48.7%
A Funny Thing Happened on the Way to the ___Forum
48.7%
The ___ ManMusic
48.1%
___ BoulevardSunset
48.1%
The Pajama ___Game
47.1%
Into the ___Woods
44.4%
La ___ aux FollesCage
43.5%
Movin' ___Out
40.1%
Kiss of the ___ WomanSpider
39.8%
Once upon a ___Mattress
37.2%
Starlight ___Express
35.8%
Stop the ___ - I Want to Get OffWorld
35.7%
Ain't ___Misbehavin'
34.2%
Smokey Joe's ___Cafe
33.4%
Aspects of ___Love
30.2%
___ Drum SongFlower
24.8%
The ___ ChaperoneDrowsy
24%
Woman of the ___Year
21.7%
___ GardensGrey
20.6%
In the ___Heights
17.7%
Five Guys Named ___Moe
17.2%
___ by ___ by SondheimSide
14.9%
Jelly's Last ___Jam
12.5%
___ BabiesSugar
10.1%
Pump Boys and ___Dinettes
7.3%
Steel ___Pier
5%

You're not logged in!

Compare scores with friends on all Sporcle quizzes.
Sign Up with Email
OR
Log In

You Might Also Like...

Show Comments

Extras

Top Quizzes Today


Score Distribution

Your Account Isn't Verified!

In order to create a playlist on Sporcle, you need to verify the email address you used during registration. Go to your Sporcle Settings to finish the process.